Wszystkie miasta w województwie świętokrzyskim - Statystyki

Ogólne statystyki
  • Ten quiz został rozwiązany 162 razy
  • Średni wynik to 24 z 48
Statystyki odpowiedzi
Liczba ludności Miasto % Poprawnych
195.774 Kielce
99%
69.051 Ostrowiec Świętokrzyski
93%
23.644 Sandomierz
88%
48.965 Starachowice
88%
45.358 Skarżysko kamienna
85%
6.496 Opatów
82%
19.330 Końskie
78%
15.952 Busko zdrój
74%
15.149 Jędrzejów
72%
10.043 Włoszczowa
72%
10.844 Pińczów
71%
14.810 Staszów
67%
5.579 Kazimierza wielka
63%
4.445 Chęciny
60%
329 Opatowiec
60%
2.240 Bodzentyn
56%
3.024 Ćmielów
54%
3.703 Chmielnik
51%
3.769 Małogoszcz
50%
1.695 Morawica
50%
1.361 Nowa słupia
50%
8.379 Suchedniów
50%
6.484 Sędziszów
49%
2.907 Daleszyce
46%
8.120 Połaniec
44%
1.289 Skalbmierz
44%
2.764 Wąchock
44%
2.979 Kunów
43%
515 Wiślica
43%
4.599 Ożarów
42%
1.587 Łagów
39%
1.117 Pacanów
38%
5.679 Stąporków
35%
908 Działoszyce
33%
955 Nowy korczyn
33%
1.425 Stopnica
32%
1.776 Zawichost
32%
2.000 Klimontów
31%
2.488 Koprzywnica
31%
1.106 Szydłów
31%
2.015 Osiek
28%
3.158 Piekoszów
28%
1.322 Iwaniska
26%
1.395 Łopuszno
26%
1.153 Wodzisław
26%
3.167 Radoszyce
25%
1.848 Oleśncia
1%
1.152 Piechrznica
1%
Nie znaleziono quizów pasujących do podanych kryteriów
Rozkład punktacji
Procent ludzi z każdym wynikiem
Percentyl według liczby udzielonych odpowiedzi
Twoja historia wyników
Nie rozwiązałeś tego quizu